000 00295nam a2200097Ia 4500
008 220204s9999 xx 000 0 und d
082 _a677.21:658.8
_bSUM
245 0 _aSummary report on the marketing of cotton in India 1961
260 _aBombay
_bIndian central cotton committee
_c1961
942 _cBK
999 _c27335
_d27335